02785nam a2200361 i 4500001001000000003000900010005001700019007000300036008004100039020001800080040003000098041000800128082002400136100006100160245007500221264007300296300002800369336002700397337003300424338002800457500007100485505094900556590002801505650002901533650003101562910003701593942001401630952017201644952016001816952016601976952026402142999001702406000020469DO-SdBNP20250717143447.0ta100813s2016 dr 000 j spa d z9789945588712 aDO-SdBNPbspacBNPHUerda aspa aRD863.44bA347e2221 aAlcántara Almánzar, Joséd1946-eautor4aut.9701810aEspejos de agua :bcuentos escogidos /cJosé Alcántara Almánzar. 4aSanto Domingo, República Dominicana :bEdiciones Ferilibro,c2016. a310 páginas ;c23 cm. atextobtxt2rdacontent asin mediaciónbn2rdamedia avolumenbnc2rdacarrier aIncluye datos biográficos del autor en la solapa de la cubierta. aPrólogo, 11.-- José Alcántara Almánzar y las revelaciones del cuento / Manuel Rueda, 15.-- De Viaje al otro mundo (1973). La muchacha que conocí en Guadeloupe, 21.-- Rumbo al mar, , 39.-- La prueba, 45.-- Viaje al otro mundo, 55.-- De Callejón sin salida (1975). El regreso, 71.-- Enigma, 89.-- Noche de luna gris, 97.-- La insólita Irene, 109.-- De Testimonios y profanaciones (1978). Crónica trivial de una fiesta íntima, 119.-- Viñetas, 147.-- Con papá en casa de Madame Sophie, 157.-- De Las máscaras de la seducción (1983). La reina y su secreto, 175.-- Lulú o la metamorfosis, 185.-- Divertimentos, 197.-- Viajeros, 199.-- El muertico, 209.-- Ruidos, 219.-- Él y ella al final de una tarde, 229.-- De La carne estremecida (1989). El zurdo, 239.-- La obsesión de Eva, 253.-- En carne viva, 265.-- Escapes, 273.-- Tentaciones, 279.-- Visiones al amanecer, 289.-- Como una noche con las piernas abiertas, 297. aInventariado, 2019 / DG 0aCuentos dominicanos9176 0aLiteratura dominicana.967 aValidado. Control de calidad MFF 2ddccLBS1 00102ddc56708DSaBNPHUbBNPHUcHDd2023-11-22eDonado por Mónica DespradeliLF1l0oBNPHU DS RD863.44 A347ep20469-30r2020-06-25te. 3yLBS1ZPréstamo en sala 00102ddc51708PDaBNPHUbBNPHUcHDd2016-10-17eDepósito Legal iLF1l0oBNPHU PD RD863.44 A347ep20469-10r2020-06-25w2020-06-25yLBS1ZNo se presta 00102ddc51708PDaBNPHUbBNPHUcHDd2016-10-17eDepósito Legal iLF1l0oBNPHU PD RD863.44 A347ep20469-20r2020-06-25te. 2w2020-06-25yLBS1ZNo se presta 00102ddc56708DSaBNPHUbBNPHUcHDd2023-12-01eDonado por la Presidencia de la República Dominicana 2023iLF1l0oBNPHU DS RD863.44 A347ep2025-2799r2025-04-07te. 4w2025-04-07yLBS1zPerteneció a la biblioteca personal de René Rodríguez Soriano c19973d19973